| 000 | 00365nam a2200121Ia 4500 | ||
|---|---|---|---|
| 008 | 220217s9999||||xx |||||||||||||| ||und|| | ||
| 082 | _a621.042 DUB | ||
| 100 | _aDubay, S.K and Bhargava, S.K | ||
| 245 | 0 | _aNon conventional energy resources | |
| 260 |
_aDhanpath rai publications _bNew Delhi _c2012 |
||
| 300 |
_aXVI, 672p. _b175 |
||
| 650 | _aENERGY CONVERSION | ||
| 999 |
_c184819 _d184819 |
||